000 00487nam a2200169Ia 4500
999 _c36308
_d36308
003 OSt
005 20201214100718.0
008 190216s9999||||xx |||||||||||||| ||und||
040 _coclc
082 _a550
_bKER/E
100 _aKerrod, Robin
_97409
245 0 _aEarth, Air And Atoms /
_cRobin Kerrod
260 _bOxford University Press,
_c1999.
_aNew York:
300 _a57p
650 _aInsights Light And Lasers
942 _cREF
_2ddc
_h550
_iKER/E
_k550
_mKER/E